| 000 | 00827nam a22002537a 4500 | ||
|---|---|---|---|
| 003 | UA-OsUOA | ||
| 001 | 21376 | ||
| 007 | ta | ||
| 008 | 20031201b un ||||| |||| 00| 0 ukr d | ||
| 090 |
_a336.717 _bП68 |
||
| 942 | _cBK | ||
| 040 |
_aUA-OsUOA _bukr _cUA-OsUOA _dUA-OsUOA |
||
| 245 |
_aРегулювання банківської та інвестиційної діяльності в Україні. Законодавчі та нормативні акти _bПравові питання діяльності з цінними паперами (частина ІІІ) |
||
| 300 | _a160 с. | ||
| 955 | _a0 | ||
| 041 | _aukr | ||
| 080 | _a336.717 | ||
| 020 | _a5-12-003474-8 | ||
| 260 |
_aКиїв _bМанускрипт _c1995 |
||
| 246 | 3 | 1 |
_aВип. 6-3 _n |
| 044 | _aUA | ||
| 650 | 7 | _2UDC | |
| 999 |
_c307571 _d307571 |
||